书目信息 |
| 题名: |
中国小学教育史
|
|
| 作者: | 吴洪成 主编 | |
| 分册: | ||
| 出版信息: | 太原 山西教育出版社 2006 |
|
| 页数: | 335页 | |
| 开本: | 23cm | |
| 丛书名: | 中国教育史专题研究丛书 | |
| 单 册: | ||
| 中图分类: | G629.29 | |
| 科图分类: | ||
| 主题词: | 初等教育--教育史--研究--中国 , 初等教育 , 教育史 | |
| 电子资源: | ||
| ISBN: | 7-5440-3039-3 | |
| 000 | 00931oam2 2200277 450 | |
| 001 | 1552438736 | |
| 005 | 20150201090732.53 | |
| 010 | @a7-5440-3039-3@dCNY35.00 | |
| 100 | @a20060809d2006 em y0chiy50 ea | |
| 101 | 0 | @achi |
| 102 | @aCN@b140000 | |
| 105 | @ay z 000yy | |
| 200 | 1 | @a中国小学教育史@Azhong guo xiao xue jiao yu shi@dThe history of Chinese primary education@f吴洪成主编@zeng |
| 210 | @a太原@c山西教育出版社@d2006 | |
| 215 | @a335页@d23cm | |
| 225 | 2 | @a中国教育史专题研究丛书 |
| 330 | @a本书以年代为顺序,论述了我国自先秦迄现代,小学教育在观念和制度等方面所经历的变化过程。 | |
| 461 | 0 | @12001 @a中国教育史专题研究丛书 |
| 510 | 1 | @aHistory of Chinese primary education@zeng |
| 606 | 0 | @a初等教育@x教育史@x研究@y中国 |
| 606 | 0 | @a初等教育 |
| 606 | 0 | @a教育史 |
| 690 | @aG629.29@v4 | |
| 701 | 0 | @a吴洪成@Awu hong cheng@f(1963~)@4主编 |
| 801 | 0 | @aCN@bTSSF@c20150201 |
| 905 | @aZUCC@dG629.29@eJY1 | |
| 中国小学教育史=The history of Chinese primary education/吴洪成主编.-太原:山西教育出版社,2006 |
| 335页;23cm.-(中国教育史专题研究丛书) |
| ISBN 7-5440-3039-3:CNY35.00 |
| 本书以年代为顺序,论述了我国自先秦迄现代,小学教育在观念和制度等方面所经历的变化过程。 |
| ● |
| 相关链接 |
|
|
|
|
正题名:中国小学教育史
索取号:G629.29/JY1
 
预约/预借
| 序号 | 登录号 | 条形码 | 馆藏地/架位号 | 状态 | 备注 |
| 1 | 7846791 | 278467918 | 学院路分馆/ [索取号:G629.29/JY1] | 在馆 | |
| 2 | 7860875 | 278608758 | 学院路分馆/ [索取号:G629.29/JY1] | 在馆 |